Responses for Show #2734 - Thursday, June 20, 1996

Mary Hirschfeld game 4. Missing third-place prize.

Contestants

[<< previous game]

Anita Cohen, an editor and science writer from Brookhaven Hamlet, New York

Mark Lambert, a publisher's assistant from Seattle, Washington

Mary Hirschfeld, a professor of economics originally from Pullman, Washington (whose 3-day cash winnings total $41,403)

[next game >>]

Jeopardy! Round responses

THE BODY BOVINE
STREETS
SPORTS
COSMETICS & PERFUME
PEOPLE IN HISTORY
SHADES
(Alex: Shades of colors.)
    $100 23
the tail

Mary
    $100 5
Martin Luther King, Jr.

Mary
    $100 1
(Mary: What is the decathlon?)

track & field

MaryAnita
    $100 3
lipstick

Mary
    $100 10
Egypt

Mary
    $100 18
blue

Mark
    $200 24
teeth

Anita
    $200 8
Broadway

Mark
    $200 2
gymnastics

Mark
    $200 9
Roma

Mark
    $200 12
(Mary: What is the Nobel Prize...the Nobel Peace Prize?)
(Alex: We were looking for the man's name...)
(Mary: Alfred Nobel.)

Alfred Nobel

Mary
    $200 19
purple

Mary
    $300 25
udder

Anita
    $300 11
Champs-Elysees

Mark
    $300 4
wrestling

Mark
    $300 28
Elizabeth Taylor

Mark
    $300 13
Lord Nelson

Mary
    $300 20
green

Anita
    $400 26
stomach

Anita
    $400 16
Stephen Foster

Mary
    $400 6
(Mark: What is kickboxing?)

boxing

MaryMark
    $400 29
powder

Anita
    $400 14
Virginia

Mary
    $400 21
brown

Anita
    $500 27
Brahma

Anita
    $500 17
Beale Street

Mark
    $500 7
(Anita: What is an epee?)

foil

MarkAnita
    $500 30
(Alex: It's named Anais Anais.)

Anais

Mark
    $1,000 15
Portugal

Mary
    $500 22
(Mary: What is white?)

red

Mary
Triple Stumper

Scores at the first commercial break (after clue 14):

Mary Mark Anita
$1,500 $1,300 -$400

Scores at the end of the Jeopardy! Round:

Mary Mark Anita
$2,700 $2,700 $2,100

Double Jeopardy! Round responses

DANISH RULERS
ARTISTS
BUSINESS & INDUSTRY
BALLET DANCERS ON FILM
BODIES OF WATER
AUTHORS & THEIR WORKS
    $200 25
Napoleon Bonaparte

Mary
    $200 16
Venice

Mary
    $200 10
Eastman Kodak

Mark
    $200 6
Rudolph Valentino

Mary
    $200 7
North Sea

Mark
    $200 1
Willa Cather

Anita
    $400 17
Pablo Picasso

Mary
    $400 11
International Telephone & Telegraph

Mary
    $400 8
Witness

Mary
    $400 9
the Bering Sea

Mark
    $400 2
Rudyard Kipling

Mary
    $600 26
Christianity

Mary
    $600 18
Maurice

Triple Stumper
    $600 23
Lionel

Anita
    $600 15
Hans Christian Andersen

Mary
    $600 12
Hudson Bay

Mary
    $1,000 3
Edgar Allan Poe

Mary
    $800 27
(Mary: What is the law of primogeniture?)
(Anita: What is the law of accession?)

the law of succession

MaryMarkAnita
    $800 19
Optical (Op) art

Mary
    $800 24
(Alex: We have less than a minute to go.)

British Petroleum

Mary
    $800 21
Mikhail Baryshnikov

Mary
    $1,500 13
Vladivostok

Mary
    $800 4
Edna Ferber

Mary
    $1000 20
Rene Magritte

Mary
    $1000 28
[end-of-round signal sounds]

Prodigy

Triple Stumper
    $1000 22
Seven Brides for Seven Brothers

Mark
    $1000 14
Vistula

Mark
    $1000 5
Richard Condon

Mark

Scores at the end of the Double Jeopardy! Round:

Mary Mark Anita
$12,600 $7,300 $2,100

[wagering suggestions for these scores]

Final Jeopardy! Round responses

COLLEGES & UNIVERSITIES
AnitaWhat is the University of Puerto Rico
$0
MarkWhat is Stanford?
$3,000
MaryWhat is Stanford?
$2,001
Stanford

Final scores:

Mary Mark Anita
$14,601 $10,300 $2,100
4-day champion: $56,004 2nd place: Computer system 3rd place: unknown

Game dynamics:

Coryat scores:

Mary Mark Anita
$11,000 $7,300 $2,100
28 R
(including 3 DDs),
3 W
17 R,
1 W
10 R,
2 W

Combined Coryat: $20,400

[game clues] [game scores] [suggest correction]

Game tape date: 1996-02-07
The J! Archive is created by fans, for fans. Scraping, republication, monetization, and malicious use prohibited; this site may use cookies and collect identifying information. See terms. The Jeopardy! game show and all elements thereof, including but not limited to copyright and trademark thereto, are the property of Jeopardy Productions, Inc. and are protected under law. This website is not affiliated with, sponsored by, or operated by Jeopardy Productions, Inc. Join the discussion at JBoard.tv.